[Event "10, Milano ,"]
[Site "10, Milano ,"]
[Date "1975.??.??"]
[Round "?"]
[White "Mariotti, Sergio"]
[Black "Larsen, Bent"]
[Result "1-0"]
[WhiteElo "2495"]
[BlackElo "2625"]
[PlyCount "72"]
[EventDate "1975.??.??"]
[Source "www.chesslib.no"]
[SourceDate "2004.05.04"]

1. e4 c5 2. b4 cxb4 3. d4 e6 4. a3 d5 5. e5 bxa3 6. c3 Bd7 7. Nxa3 Ne7 8. Bd3 a6 9. Ne2 Nbc6 10. h4 Na5 11. h5 Nec6 12. Rb1 b5 13. Nc2 f6 14. Nf4 Qe7 15. Qg4 O-O-O 16. Qe2 fxe5 17. Bxb5 axb5 18. Qxb5 Be8 19. Qa6+ Kc7 20. Nb4 exf4 21. Bxf4+ e5 22. Nxc6 Bxc6 23. Qxa5+ Kd7 24. Bxe5 Ke8 25. Qa6 Qd7 26. h6 Ra8 27. Qe2 Qf5 28. O-O Kf7 29. Rb6 Rc8 30. Ra1 Be7 31. Ra7 Rhe8 32. hxg7 Kg8 33. Qa6 Bd7 34. Rbb7 Bh4 35. g3 Qf3 36. Qf1 Rxc3 1-0

[Event "Camp. svizzero a sq. - Winterthur-Zurig"]
[Site "Svizzera"]
[Date "2008.09.06"]
[Round "6.2"]
[White "Forster, Richard"]
[Black "Bauer, Christian"]
[Result "0-1"]
[WhiteElo "2449"]
[BlackElo "2624"]
[PlyCount "94"]
[EventDate "2008.03.02"]
[Source "www.chesslib.no"]
[SourceDate "2004.05.04"]

1. e4 c5 2. b4 cxb4 3. a3 b3 4. cxb3 d5 5. e5 Nc6 6. d4 Bf5 7. Bb2 e6 8. Bd3 Nh6 9. Ne2 Be7 10. h3 Qb6 11. g4 Bxd3 12. Qxd3 f6 13. exf6 Bxf6 14. O-O Nf7 15. Kg2 O-O 16. f4 Nd6 17. Nd2 a5 18. Rac1 Qa6 19. Qe3 Rae8 20. a4 Nf5 21. Qf2 Qd3 22. gxf5 Qxd2 23. Ng3 Qxf2+ 24. Rxf2 Bh4 25. fxe6 Rxe6 26. f5 Bxg3 27. Kxg3 Re3+ 28. Rf3 Rxf3+ 29. Kxf3 Rxf5+ 30. Kg3 Kf7 31. Rc5 Ke6 32. Rb5 Rf7 33. Bc3 g5 34. Bxa5 Nxd4 35. Rb6+ Kf5 36. Bd2 h5 37. b4 h4+ 38. Kf2 Ke4+ 39. Kg2 Kd3 40. Bc1 Ne2 41. Bb2 d4 42. a5 Nf4+ 43. Kh2 Nd5 44. Rd6 Rf2+ 45. Kg1 Rxb2 46. Rxd5 Kc4 47. Rd7 Rxb4 0-1

[Event "Metz FRA"]
[Site "?"]
[Date "2006.04.24"]
[Round "3"]
[White "Shirazi Kamran G"]
[Black "Spraggett Kevin"]
[Result "1/2-1/2"]
[WhiteElo "2405"]
[BlackElo "2578"]
[PlyCount "70"]
[EventDate "2006.??.??"]
[Source "www.chesslib.no"]
[SourceDate "2004.05.04"]

1. e4 c5 2. b4 b6 3. Nf3 e6 4. bxc5 bxc5 5. g3 Bb7 6. d3 Nc6 7. Nbd2 Rc8 8. Bg2 Nf6 9. O-O Be7 10. Rb1 Ba8 11. Nc4 d5 12. exd5 Nxd5 13. Bd2 O-O 14. Re1 Nb6 15. Ne3 Re8 16. h4 f5 17. Nc4 Nxc4 18. dxc4 Bf6 19. Ng5 Bxg5 20. Bxg5 Qc7 21. c3 h6 22. Bf4 e5 23. Bd5+ Kh8 24. Qh5 Rf8 25. Be3 e4 26. Rb5 Ne5 27. Bf4 Qe7 28. Bxe5 Qxe5 29. Rxe4 Qxc3 30. Re6 Qc1+ 31. Kg2 Bxd5+ 32. cxd5 Qc4 33. Rxh6+ gxh6 34. Qxh6+ Kg8 35. Qe6+ Kh8 1/2-1/2

[Event "Venice"]
[Site "Venice ITA"]
[Date "1974.??.??"]
[Round "12"]
[White "Mariotti, Sergio"]
[Black "Benko, Pal C"]
[Result "1-0"]
[WhiteElo "2465"]
[BlackElo "2510"]
[PlyCount "79"]
[EventDate "1974.??.??"]
[Source "www.chesslib.no"]
[SourceDate "2004.05.04"]

1. e4 c5 2. b4 cxb4 3. d4 d5 4. e5 Bf5 5. a3 Nc6 6. axb4 Nxb4 7. Na3 a6 8. c3 Nc6 9. Ne2 e6 10. Ng3 Bg6 11. h4 h5 12. Bd3 Bxd3 13. Qxd3 Be7 14. Bg5 b5 15. f4 g6 16. O-O Nh6 17. Nc2 Bxg5 18. fxg5 Nf5 19. Nxf5 gxf5 20. Ne3 Ne7 21. g3 Kf8 22. Qb1 Kg7 23. Qb4 Ng6 24. Ra2 Qb6 25. Raf2 Ra7 26. Nxf5+ exf5 27. Rxf5 Rc8 28. Rf6 Rc6 29. g4 hxg4 30. h5 a5 31. Qb1 Nxe5 32. Qf5 Nf3+ 33. Rxf3 gxf3 34. h6+ Kh8 35. g6 f2+ 36. Kf1 fxg6 37. Rf8+ Kh7 38. Qe5 Kxh6 39. Qh2+ Kg5 40. Qf4+ 1-0

[Event "Kecskemet Open"]
[Site "Kecskemet HUN"]
[Date "1987.??.??"]
[Round "?"]
[White "Kiss, Attila"]
[Black "Stoll, Ferdinand"]
[Result "1-0"]
[WhiteElo "2410"]
[BlackElo "2560"]
[PlyCount "59"]
[EventDate "1987.06.??"]
[Source "www.chesslib.no"]
[SourceDate "2004.05.04"]

1. e4 c5 2. b4 cxb4 3. d4 g6 4. Nf3 Bg7 5. a3 bxa3 6. c3 Nf6 7. e5 Nd5 8. c4 Nb6 9. c5 Nd5 10. Bc4 e6 11. Nxa3 O-O 12. h4 b6 13. h5 bxc5 14. hxg6 fxg6 15. Bxd5 exd5 16. Nb5 Qb6 17. dxc5 Qxc5 18. Rb1 Ba6 19. Ba3 Qc4 20. Rh4 Qc6 21. Nfd4 Qb6 22. Bxf8 Bxf8 23. Qb3 Bb7 24. Qh3 h6 25. Rxh6 Bxh6 26. Qxh6 Na6 27. e6 dxe6 28. Qxg6+ Kf8 29. Rb3 Qa5+ 30. Kf1 1-0

[Event "XXIII Open"]
[Site "Cappelle la Grande FRA"]
[Date "2007.03.05"]
[Round "4"]
[White "Shirazi, K."]
[Black "Oleksienko, M."]
[Result "0-1"]
[WhiteElo "2424"]
[BlackElo "2541"]
[PlyCount "68"]
[EventDate "2007.03.03"]
[Source "www.chesslib.no"]
[SourceDate "2004.05.04"]

1. e4 c5 2. b4 cxb4 3. a3 bxa3 4. d4 d6 5. Nd2 g6 6. Ngf3 Bg7 7. h3 Nc6 8. c3 Nf6 9. d5 Nb8 10. Rxa3 O-O 11. c4 Nbd7 12. Bb2 Nc5 13. e5 Nfd7 14. Qa1 Nxe5 15. Nxe5 Bxe5 16. Bxe5 dxe5 17. Qxe5 Qd6 18. Qxd6 exd6 19. f3 Bd7 20. Kf2 a6 21. Be2 b5 22. Rb1 Rab8 23. Ra5 b4 24. Ne4 Bf5 25. Ke3 Rfe8 26. Bd3 Bxe4 27. fxe4 f5 28. Rb2 fxe4 29. Be2 b3 30. Kd4 e3 31. Rb1 Re4+ 32. Kc3 Rf4 33. Bf3 b2 34. Ra3 Kg7 0-1

[Event "Open A"]
[Site "?"]
[Date "2005.01.04"]
[Round "9"]
[White "Jakubiec Artur"]
[Black "Filipenko Alexander V"]
[Result "1-0"]
[WhiteElo "2565"]
[BlackElo "2388"]
[PlyCount "57"]
[EventDate "2005.??.??"]
[Source "www.chesslib.no"]
[SourceDate "2004.05.04"]

1. e4 c5 2. b4 cxb4 3. Bb2 d6 4. d4 Nf6 5. Bd3 Nc6 6. f4 Bg4 7. Qd2 d5 8. e5 Ne4 9. Bxe4 dxe4 10. d5 Na5 11. h3 Bc8 12. Qxb4 e6 13. d6 Qh4+ 14. Kd1 b6 15. Ne2 Bb7 16. Nd2 Rc8 17. Qd4 Kd7 18. Bc3 Nc6 19. Qe3 f5 20. g3 Qh5 21. Kc1 h6 22. a4 Ba6 23. g4 Qh4 24. a5 bxa5 25. Nd4 Nxe5 26. fxe5 Qg5 27. Qxg5 hxg5 28. gxf5 exf5 29. Rxa5 1-0

[Event "XXIV Open"]
[Site "Cappelle La Grande FRA"]
[Date "2008.02.19"]
[Round "5"]
[White "Shirazi, K."]
[Black "Stanojoski, Z."]
[Result "1-0"]
[WhiteElo "2422"]
[BlackElo "2529"]
[PlyCount "125"]
[EventDate "2008.02.16"]
[Source "www.chesslib.no"]
[SourceDate "2004.05.04"]

1. e4 c5 2. b4 cxb4 3. a3 Qa5 4. Bb2 Nf6 5. e5 Nd5 6. Nf3 e6 7. Bc4 Nc6 8. O-O Be7 9. axb4 Qxb4 10. Bb3 Nb6 11. d4 a5 12. Qd3 Nd5 13. c4 Nf4 14. Qe3 Ng6 15. Na3 Qb6 16. c5 Qd8 17. Nc4 O-O 18. Ba4 Nb4 19. Nb6 Ra6 20. Nd2 Bg5 21. f4 Nxf4 22. Ne4 Bh6 23. Rxf4 Rxb6 24. cxb6 Nd5 25. Nf6+ Qxf6 26. exf6 Nxe3 27. fxg7 Rd8 28. Rf3 Nc4 29. Bc3 d5 30. Bb5 Nd6 31. Bd3 Bxg7 32. Rxa5 Bd7 33. Rh3 f5 34. Kf1 Rc8 35. Rc5 Rxc5 36. dxc5 Bxc3 37. cxd6 Be5 38. g4 Bxd6 39. gxf5 e5 40. Bc2 e4 41. Bb3 Bb5+ 42. Ke1 Bc6 43. Rh6 Bb4+ 44. Kf1 Kg7 45. Re6 d4 46. h4 e3 47. f6+ Kf8 48. Bc4 Be8 49. Re5 Bf7 50. Bxf7 Kxf7 51. Rd5 Ke6 52. Rxd4 Bc5 53. f7 Ke7 54. f8=Q+ Kxf8 55. Rd8+ Ke7 56. Rb8 Kd6 57. Rxb7 h5 58. Rb8 Kc6 59. b7 Ba7 60. Rh8 Kxb7 61. Rh7+ Kb6 62. Rxh5 Kc6 63. Re5 1-0

[Event "Groningen GAM"]
[Site "Groningen NED"]
[Date "1991.??.??"]
[Round "2"]
[White "Rogers, Ian"]
[Black "Douven, Rudy C"]
[Result "1-0"]
[WhiteElo "2545"]
[BlackElo "2405"]
[PlyCount "53"]
[EventDate "1991.??.??"]
[Source "www.chesslib.no"]
[SourceDate "2004.05.04"]

1. e4 c5 2. b4 cxb4 3. Bb2 Nf6 4. e5 Nd5 5. Nf3 Nc6 6. Bc4 Nb6 7. Bb3 e6 8. O-O Be7 9. c4 Na5 10. Qc2 Nxb3 11. axb3 O-O 12. Rc1 a5 13. d4 f5 14. d5 exd5 15. c5 Ra6 16. cxb6 Qxb6 17. Nd4 Qg6 18. Nd2 Qg4 19. h3 Qf4 20. N2f3 Rg6 21. Rxa5 b6 22. Ra7 Bc5 23. Qd2 Qxd2 24. Nxd2 d6 25. N2f3 Re8 26. Re1 dxe5 27. Rxe5 1-0

[Event "Podlehnik"]
[Site "Podlehnik"]
[Date "2001.05.03"]
[Round "10"]
[White "Mikhalchishin, Adrian"]
[Black "Polajzer, Danilo"]
[Result "1/2-1/2"]
[WhiteElo "2524"]
[BlackElo "2425"]
[PlyCount "23"]
[EventDate "2001.04.24"]
[Source "ChessBase"]
[SourceDate "2001.07.05"]

1. e4 c5 2. b4 cxb4 3. a3 bxa3 4. Bxa3 Nc6 5. Nf3 Nf6 6. Nc3 d5 7. exd5 Nxd5 8. Nxd5 Qxd5 9. c4 Qe4+ 10. Be2 e5 11. Bxf8 Kxf8 12. O-O 1/2-1/2

[Event "Padron (5eme open)"]
[Site "?"]
[Date "2004.08.23"]
[Round "4.1"]
[White "Nanu Ciprian-Costica"]
[Black "Manolache Marius"]
[Result "1/2-1/2"]
[WhiteElo "2505"]
[BlackElo "2441"]
[PlyCount "20"]
[EventDate "2004.??.??"]
[Source "www.chesslib.no"]
[SourceDate "2004.05.04"]

1. e4 c5 2. b4 cxb4 3. a3 b3 4. c3 Qb6 5. Bb2 Qg6 6. d3 Nc6 7. Nf3 d6 8. Qxb3 Nf6 9. Nbd2 e6 10. g3 h5 1/2-1/2

[Event "Groningen GAM"]
[Site "Groningen NED"]
[Date "1991.??.??"]
[Round "1"]
[White "Rogers, Ian"]
[Black "Hoeksema, Hendrik Pieter"]
[Result "0-1"]
[WhiteElo "2545"]
[BlackElo "2390"]
[PlyCount "94"]
[EventDate "1991.??.??"]
[Source "www.chesslib.no"]
[SourceDate "2004.05.04"]

1. e4 c5 2. b4 cxb4 3. Bb2 Nf6 4. Bc4 Nxe4 5. Bxf7+ Kxf7 6. Qh5+ Kg8 7. Qd5+ e6 8. Qxe4 Nc6 9. Nf3 d5 10. Qe2 Be7 11. O-O Bf6 12. d4 Qb6 13. Rd1 Bd7 14. Nbd2 Kf7 15. Nb3 Rhe8 16. a3 Qc7 17. Ne5+ Bxe5 18. dxe5 bxa3 19. Rxa3 Kg8 20. Nc5 b6 21. Na6 Qb7 22. Rh3 Re7 23. Ba3 Rf7 24. Bd6 Ne7 25. Qd3 Ng6 26. Rb1 Rc8 27. Rb4 Rf5 28. c3 Be8 29. f3 h6 30. g3 Nxe5 31. Bxe5 Rxe5 32. Rg4 Rh5 33. Rxh5 Bxh5 34. Rh4 Bf7 35. Ra4 Qc6 36. Ra3 e5 37. Nb4 Qc5+ 38. Kg2 a5 39. Nc2 d4 40. Qf5 dxc3 41. Ra1 Rd8 42. Re1 Rd2+ 43. Kh3 Qf2 44. Rxe5 Rxc2 45. Qe4 Qxh2+ 46. Kg4 h5+ 47. Kf5 Qxg3 0-1

[Event "Open"]
[Site "Pune"]
[Date "2004.09.03"]
[Round "1"]
[White "Sherbakov, Ruslan"]
[Black "Das, Arghyadip"]
[Result "1-0"]
[WhiteElo "2555"]
[BlackElo "2352"]
[PlyCount "47"]
[EventDate "2004.09.03"]
[Source "Roberto Alvarez"]
[SourceDate "2004.09.21"]

1. e4 c5 2. b4 cxb4 3. a3 d5 4. exd5 Qxd5 5. Nf3 e6 6. Bb2 Nf6 7. Bd3 Nc6 8. O-O Be7 9. Re1 O-O 10. Ne5 Bd7 11. axb4 Nxb4 12. Nc3 Qd4 13. Be4 Qb6 14. Nxd7 Nxd7 15. Bxh7+ Kxh7 16. Qh5+ Kg8 17. Na4 Qd6 18. Bxg7 Kxg7 19. Qg4+ Kf6 20. Nc3 Nc5 21. Re3 Qc6 22. Qf4+ Kg6 23. Rg3+ Kh7 24. Qg4 1-0

[Event "Moscow-ch"]
[Site "Moscow"]
[Date "1981.??.??"]
[Round "8"]
[White "Arbakov, Valentin"]
[Black "Suetin, Alexey S"]
[Result "1/2-1/2"]
[WhiteElo "2445"]
[BlackElo "2460"]
[PlyCount "36"]
[EventDate "1981.06.??"]
[Source "ChessBase"]

1. e4 c5 2. b4 cxb4 3. d4 d5 4. e5 Nc6 5. Be3 Bf5 6. Ne2 e6 7. Ng3 Bg6 8. h4 f5 9. Ne2 Bh5 10. f3 Be7 11. Bf2 Bf7 12. Nf4 Qb6 13. Bd3 O-O-O 14. Nd2 g5 15. hxg5 Bxg5 16. Ne2 h5 17. Rb1 Qc7 18. a3 bxa3 1/2-1/2

[Event "CRO-Cup"]
[Site "Pula"]
[Date "1999.05.25"]
[Round "2"]
[White "Jurkovic, Hrvoje"]
[Black "Sax, Gyula"]
[Result "0-1"]
[WhiteElo "2367"]
[BlackElo "2524"]
[PlyCount "50"]
[EventDate "1999.05.??"]
[Source "ChessBase"]
[SourceDate "1999.07.10"]

1. e4 c5 2. b4 cxb4 3. d4 e6 4. a3 Nf6 5. Bd3 Nc6 6. Ne2 d6 7. O-O Be7 8. Nd2 O-O 9. f4 Bd7 10. e5 Ne8 11. f5 dxe5 12. Ng3 Nxd4 13. Nc4 exf5 14. Nxe5 Be6 15. Be3 Bf6 16. Nc4 Rc8 17. Nd2 Nxc2 18. Bxc2 Bxa1 19. Nxf5 Bxf5 20. Bxf5 Bd4 21. Qf3 Bxe3+ 22. Qxe3 Rc3 23. Qf4 Qb6+ 24. Kh1 Qe3 25. Qh4 g6 0-1

[Event "Assisi (open)"]
[Site "?"]
[Date "2003.12.21"]
[Round "2"]
[White "Rombaldoni Andrea"]
[Black "Miladinovic Igor"]
[Result "0-1"]
[WhiteElo "2275"]
[BlackElo "2599"]
[PlyCount "48"]
[EventDate "2003.??.??"]
[Source "www.chesslib.no"]
[SourceDate "2004.05.04"]

1. e4 c5 2. b4 cxb4 3. a3 d5 4. exd5 Qxd5 5. Nf3 e5 6. axb4 Bxb4 7. c3 Bd6 8. Na3 Nc6 9. Nb5 Bb8 10. Ra4 Nge7 11. Bc4 Qe4+ 12. Kf1 Qg6 13. d4 O-O 14. d5 Rd8 15. Ng5 h6 16. h4 hxg5 17. hxg5 e4 18. Qe1 Nxd5 19. Bxd5 Rxd5 20. Rxe4 Re5 21. f3 f5 22. Qh4 fxe4 23. Qh8+ Kf7 24. Qxc8 exf3 0-1

[Event "Jacques Lemans op"]
[Site "?"]
[Date "1999.??.??"]
[Round "6.3"]
[White "Kliukin Boris P"]
[Black "Tratar Marko"]
[Result "1-0"]
[WhiteElo "2410"]
[BlackElo "2450"]
[PlyCount "79"]
[EventDate "1999.??.??"]
[Source "www.chesslib.no"]
[SourceDate "2004.05.04"]

1. e4 c5 2. b4 cxb4 3. a3 e6 4. axb4 Bxb4 5. c3 Be7 6. d4 d5 7. e5 Nc6 8. Bd3 Bd7 9. h4 b5 10. Qg4 Kf8 11. Rh3 f5 12. Qf3 b4 13. g4 bxc3 14. Ne2 c2 15. gxf5 cxb1=Q 16. fxe6+ Nf6 17. Rxb1 Bxe6 18. exf6 Bxf6 19. Rg3 Bf7 20. h5 a5 21. h6 Nb4 22. Bf5 Qe7 23. Kf1 g6 24. Bh3 Be6 25. Bg5 Bxh3+ 26. Rxh3 Ra6 27. Rc1 Kf7 28. Qf4 Rd8 29. Re3 Qf8 30. Rc7+ Kg8 31. Rf3 Rdd6 32. Qg4 Re6 33. Rxf6 Rxf6 34. Rc8 Rxf2+ 35. Ke1 Nc2+ 36. Kd2 Rxe2+ 37. Kxe2 Nxd4+ 38. Kd3 Nf5 39. Rxf8+ Kxf8 40. Qa4 1-0

[Event "Puchko mem"]
[Site "Alushta"]
[Date "2000.03.30"]
[Round "12"]
[White "Zajarnyi, Anatolyi"]
[Black "Khurtsidze, Nino"]
[Result "1/2-1/2"]
[WhiteElo "2395"]
[BlackElo "2464"]
[PlyCount "130"]
[EventDate "2000.03.22"]
[Source "ChessBase"]
[SourceDate "2000.05.11"]

1. e4 c5 2. b4 cxb4 3. a3 e5 4. Nf3 Nc6 5. Bc4 Be7 6. axb4 Bxb4 7. c3 Be7 8. Qb3 Nh6 9. d4 O-O 10. Bxh6 gxh6 11. Nxe5 Nxe5 12. dxe5 Qc7 13. O-O Qxe5 14. Nd2 Bf6 15. Rac1 d6 16. f4 Qe7 17. Bd3 Be6 18. c4 a5 19. Bb1 Bg7 20. f5 Bd7 21. e5 Bxe5 22. f6 Bxf6 23. Qd3 Rfe8 24. Qxh7+ Kf8 25. Ne4 Bg7 26. Rf4 Be6 27. Bd3 a4 28. Rcf1 a3 29. Nf6 Bxf6 30. Rxf6 Qxf6 31. Rxf6 a2 32. Qxh6+ Ke7 33. Rxe6+ fxe6 34. Qg7+ Kd8 35. Qa1 Ra3 36. Bg6 Rf8 37. h4 Rf4 38. h5 Rxc4 39. Qf6+ Kc7 40. Qe7+ Kc6 41. Be8+ Kc5 42. Qc7+ Kd5 43. Qxb7+ Kd4 44. Qb2+ Rcc3 45. Qa1 Kd5 46. Kh2 Rc1 47. Qxc1 a1=Q 48. Bc6+ Kd4 49. Qg5 Ra5 50. Qf4+ Kc5 51. Be4 d5 52. Bg6 Qd4 53. Qc7+ Kb4 54. Qd6+ Kc4 55. Qc6+ Kb4 56. Qd6+ Kc3 57. Qxe6 Qh4+ 58. Qh3+ Qxh3+ 59. Kxh3 d4 60. h6 d3 61. Bxd3 Kxd3 62. Kg4 Ra1 63. Kf5 Rh1 64. Kg6 Ke4 65. h7 Kf4 1/2-1/2

[Event "Kazan RUS"]
[Site "?"]
[Date "2006.06.05"]
[Round "5"]
[White "Zemtsov Igor"]
[Black "Voitsekhovsky Stanislav"]
[Result "1-0"]
[WhiteElo "2361"]
[BlackElo "2490"]
[PlyCount "77"]
[EventDate "2006.??.??"]
[Source "www.chesslib.no"]
[SourceDate "2004.05.04"]

1. e4 c5 2. b4 cxb4 3. a3 e6 4. Nf3 Nc6 5. d4 d5 6. e5 Nge7 7. axb4 Nxb4 8. Ba3 Nbc6 9. h4 Bd7 10. h5 h6 11. Bd3 Na5 12. Nbd2 Nec6 13. Bxf8 Kxf8 14. c3 b6 15. Nh4 Rc8 16. Qf3 Kg8 17. g4 Be8 18. Qe3 f6 19. exf6 Qxf6 20. f4 Nd8 21. Ba6 Rc7 22. Ndf3 g5 23. fxg5 hxg5 24. Ng2 Nf7 25. O-O Qe7 26. Rae1 Rh6 27. Be2 Nc4 28. Bxc4 Rxc4 29. Ne5 Nxe5 30. Qxe5 Rxc3 31. Ne3 Qg7 32. Qb8 Qd7 33. Nxd5 Rc2 34. Rf6 Rc8 35. Rxh6 exd5 36. Qg3 Rc4 37. Rhe6 Bf7 38. Re7 Qd8 39. Qe5 1-0

[Event "CRO-chT"]
[Site "Rabac"]
[Date "2003.09.08"]
[Round "2"]
[White "Klaric, Zlatko"]
[Black "Brkic, Ante"]
[Result "1-0"]
[WhiteElo "2416"]
[BlackElo "2419"]
[PlyCount "123"]
[EventDate "2003.09.07"]
[Source "Roberto Alvarez"]
[SourceDate "2003.09.22"]

1. e4 c5 2. b4 cxb4 3. a3 d5 4. e5 Nc6 5. d4 Qb6 6. Nf3 Bg4 7. Be3 e6 8. axb4 Bxb4+ 9. c3 Ba5 10. Qa4 a6 11. Nfd2 Bf5 12. Be2 Nge7 13. O-O Qc7 14. Qa3 O-O 15. Nb3 Bb6 16. N1d2 Ba7 17. Rfc1 f6 18. exf6 Rxf6 19. Bg5 Bb8 20. g3 Rg6 21. Bxe7 Qxe7 22. Qxe7 Nxe7 23. Nc5 Ra7 24. Nf3 Bf4 25. Re1 Nc6 26. Nh4 Bd2 27. Nxg6 Bxe1 28. Rxe1 hxg6 29. g4 b6 30. Nxa6 Be4 31. f3 Bc2 32. Bb5 Nd8 33. Nb4 Bb3 34. Rb1 Ra3 35. Kf2 Bc4 36. Bxc4 dxc4 37. d5 Rxc3 38. Nc6 Rb3 39. Ra1 exd5 40. Ra8 c3 41. Nd4 Rb2+ 42. Ke3 Kh7 43. Rxd8 b5 44. Rxd5 b4 45. Rc5 Rxh2 46. Rc4 Rb2 47. g5 Kg8 48. Rc7 Rb1 49. Ne2 Rb2 50. Nf4 Rb1 51. Nd3 b3 52. Rxc3 b2 53. Rb3 Rg1 54. Rxb2 Rxg5 55. Rb7 Kh7 56. Kf4 Rf5+ 57. Kg4 Kh6 58. Nf2 Rg5+ 59. Kf4 Rf5+ 60. Kg3 Kh7 61. Nh3 Ra5 62. f4 1-0

[Event "III Memorial E.Geller - Open A"]
[Site "Odessa UCR"]
[Date "2007.09.15"]
[Round "8"]
[White "Golovlev, Nikolay"]
[Black "Murariu, Andrei"]
[Result "1-0"]
[WhiteElo "2321"]
[BlackElo "2511"]
[PlyCount "71"]
[EventDate "2007.09.08"]
[Source "www.chesslib.no"]
[SourceDate "2004.05.04"]

1. e4 c5 2. b4 cxb4 3. a3 d5 4. exd5 Qxd5 5. Nf3 e5 6. axb4 Bxb4 7. Na3 Nc6 8. Nb5 Qd8 9. c3 Bc5 10. Qe2 Bg4 11. Qc4 a6 12. Qxc5 axb5 13. Rxa8 Qxa8 14. Bxb5 Bxf3 15. Ba3 Kd7 16. Qd6+ Kc8 17. Bxc6 bxc6 18. Qf8+ Kb7 19. Qxf7+ Kb6 20. O-O Be4 21. Bd6 Bd3 22. Qb3+ Bb5 23. c4 Nf6 24. cxb5 cxb5 25. Qe3+ Kb7 26. Qxe5 Qe8 27. Qg5 Qd7 28. Rb1 Ka6 29. Qc5 Ra8 30. Qa3+ Kb6 31. Qxa8 Qxd6 32. Ra1 Qxd2 33. Qb8+ Kc5 34. Qc7+ Kd4 35. Qb6+ Kc4 36. Qc6+ 1-0

[Event "BL2-Ost 0203"]
[Site "?"]
[Date "2002.11.17"]
[Round "2.3"]
[White "Euler Gerd"]
[Black "Gauglitz Gernot"]
[Result "1-0"]
[WhiteElo "2417"]
[BlackElo "2413"]
[PlyCount "53"]
[EventDate "2002.??.??"]
[Source "www.chesslib.no"]
[SourceDate "2004.05.04"]

1. e4 c5 2. b4 cxb4 3. Bb2 Nc6 4. d4 d5 5. exd5 Qxd5 6. c4 bxc3 7. Nxc3 Qa5 8. d5 Ne5 9. Qd4 Nd7 10. Nf3 Ngf6 11. Bb5 a6 12. Bxd7+ Bxd7 13. O-O Rd8 14. Rfe1 Bc6 15. Qh4 Bxd5 16. Nxd5 Nxd5 17. Qh5 Qb6 18. Ne5 g6 19. Qf3 f6 20. Nc4 Qc6 21. Rac1 Bh6 22. Ne3 Qd6 23. Nxd5 Bxc1 24. Nxf6+ Kf7 25. Ne4+ Qf4 26. Qb3+ Kf8 27. Bxh8 1-0

[Event "BUL-ch"]
[Site "Plovdiv"]
[Date "1999.05.18"]
[Round "7"]
[White "Manolov, Ivan"]
[Black "Georgiev, Vladimir"]
[Result "0-1"]
[WhiteElo "2315"]
[BlackElo "2508"]
[PlyCount "50"]
[EventDate "1999.05.??"]
[Source "ChessBase"]
[SourceDate "1999.07.10"]

1. e4 c5 2. b4 cxb4 3. d4 d5 4. e5 Nc6 5. Nf3 Bg4 6. Bb2 e6 7. Nbd2 Nge7 8. Bd3 Nc8 9. O-O Nb6 10. Rb1 Be7 11. h3 Bh5 12. g4 Bg6 13. Kg2 Rc8 14. Ne1 Nc4 15. Bxg6 hxg6 16. Nxc4 dxc4 17. c3 Qa5 18. Nc2 bxc3 19. Bc1 Qd5+ 20. f3 b6 21. Be3 b5 22. a3 a5 23. Bg1 b4 24. axb4 axb4 25. Ne3 Qxd4 0-1

[Event "CZE Team Ch 9495"]
[Site "Czech Republic"]
[Date "1995.??.??"]
[Round "1"]
[White "Jakubiec, Artur"]
[Black "Oral, Tomas"]
[Result "0-1"]
[WhiteElo "2410"]
[BlackElo "2405"]
[PlyCount "130"]
[EventDate "1994.??.??"]
[Source "www.chesslib.no"]
[SourceDate "2004.05.04"]

1. e4 c5 2. b4 cxb4 3. Bb2 d5 4. exd5 Qxd5 5. d4 Nf6 6. a3 e5 7. Qe2 e4 8. c4 bxc3 9. Nxc3 Qa5 10. f3 Nc6 11. Qb5 exf3 12. Nxf3 a6 13. Qxa5 Nxa5 14. O-O-O Bf5 15. Re1+ Be7 16. Re5 Nb3+ 17. Kd1 Ng4 18. Bc4 Nxe5 19. Nxe5 Nxd4 20. Bxf7+ Kf8 21. Bd5 Bf6 22. Nf7 Bc2+ 23. Kd2 Bb3 24. Nxh8 Rd8 25. Bxb3 Nxb3+ 26. Kc2 Nc5 27. Rf1 Kg8 28. Rf5 Nd3 29. Nd5 Nxb2 30. Nxf6+ gxf6 31. Kxb2 Kxh8 32. Rxf6 Rd2+ 33. Kc3 Rxg2 34. Rf7 Rxh2 35. Rxb7 Rg2 36. Ra7 Rg6 37. Kd4 h5 38. Ke4 h4 39. Kf5 Rc6 40. Kg4 Rc4+ 41. Kh3 Ra4 42. Rb7 a5 43. Ra7 Kg8 44. Rb7 Kf8 45. Rh7 Ke8 46. Rxh4 Rxa3+ 47. Kg2 Ra1 48. Rh7 a4 49. Ra7 a3 50. Kf2 Kd8 51. Kg2 Kc8 52. Kf2 Kb8 53. Ra6 Kb7 54. Ra4 Kb6 55. Ra8 Kb5 56. Rb8+ Kc4 57. Rc8+ Kb3 58. Rb8+ Ka2 59. Ke3 Rb1 60. Rd8 Kb2 61. Rd2+ Kc1 62. Rh2 Rb2 63. Rh1+ Kc2 64. Rh2+ Kb3 65. Rh8 a2 0-1

[Event "Caissa IM, Miercurea Ciuc ROM"]
[Site "?"]
[Date "2001.??.??"]
[Round "11"]
[White "Nanu, C."]
[Black "Orso, M."]
[Result "1/2-1/2"]
[WhiteElo "2415"]
[BlackElo "2400"]
[PlyCount "165"]
[EventDate "2001.??.??"]
[Source "www.chesslib.no"]
[SourceDate "2004.05.04"]

1. e4 c5 2. b4 cxb4 3. a3 bxa3 4. Bxa3 d6 5. d4 Nf6 6. Bd3 Nc6 7. c3 g6 8. f4 Bg7 9. Nf3 O-O 10. O-O a6 11. Nbd2 b5 12. d5 Na5 13. Bb4 Nc4 14. Bxc4 bxc4 15. Ba5 Qe8 16. Re1 Bg4 17. Nxc4 Qb5 18. Ncd2 Rfc8 19. h3 Qc5+ 20. Kh1 Bd7 21. Nd4 Nh5 22. Qf3 Bh6 23. Ne2 Bg7 24. g4 Nf6 25. Bb4 Qc7 26. Ba5 Qc5 27. c4 Ne8 28. Ra2 e6 29. Ng3 Rab8 30. f5 Nc7 31. Rf1 Rf8 32. Bc3 Bxc3 33. Qxc3 exd5 34. exd5 Nxd5 35. Qc1 Nf6 36. g5 Bc6+ 37. Kh2 Nh5 38. Nxh5 gxh5 39. Nf3 Rb3 40. Qf4 Bxf3 41. Rxf3 Rxf3 42. Qxf3 Qxc4 43. Rf2 Qd4 44. Re2 Rb8 45. f6 h4 46. Kg2 Kh8 47. Qe4 Qxe4+ 48. Rxe4 Rg8 49. Kf3 h6 50. gxh6 Rg6 51. Rf4 Rg3+ 52. Kf2 Rxh3 53. Rd4 a5 54. Ra4 Kh7 55. Rxa5 Rd3 56. Rh5 h3 57. Ke2 Rg3 58. Rh4 Rg6 59. Rxh3 Rxf6 60. Ke3 Rxh6 61. Rf3 Kg7 62. Ke4 Kf8 63. Ra3 Ke7 64. Ra8 Rh4+ 65. Kf5 Rh5+ 66. Ke4 Re5+ 67. Kd4 f5 68. Rh8 Kd7 69. Rg8 Ra5 70. Rh8 Re5 71. Rg8 Re8 72. Rg6 Re1 73. Rf6 Rf1 74. Kd5 Rd1+ 75. Kc4 Rc1+ 76. Kd5 Rc5+ 77. Kd4 Ke7 78. Rh6 Re5 79. Rh8 f4 80. Rh4 Ke6 81. Rxf4 Ra5 82. Re4+ Kd7 83. Re1 1/2-1/2

[Event "Wiesbaden Open"]
[Site "Wiesbaden GER"]
[Date "1991.??.??"]
[Round "3"]
[White "Haub, Thorsten-Michael"]
[Black "Goryachkin, Vyacheslav"]
[Result "1-0"]
[WhiteElo "2315"]
[BlackElo "2495"]
[PlyCount "91"]
[EventDate "1991.??.??"]
[Source "www.chesslib.no"]
[SourceDate "2004.05.04"]

1. e4 c5 2. b4 cxb4 3. a3 e6 4. axb4 Bxb4 5. c3 Be7 6. d4 b6 7. Bd3 Bb7 8. Ne2 Qc8 9. Na3 d6 10. O-O Nf6 11. f3 O-O 12. Bf4 Nc6 13. Nc4 Rd8 14. Ng3 Nb8 15. Qb3 Ne8 16. Be3 Ba6 17. f4 d5 18. exd5 exd5 19. Ne5 Bxd3 20. Nxd3 Nc6 21. Ne5 Na5 22. Qc2 Nc4 23. Rae1 Ned6 24. f5 Bh4 25. f6 Bxf6 26. Nxc4 Qxc4 27. Nh5 Ne4 28. Nxf6+ gxf6 29. Rf3 Kh8 30. Bf2 Rd6 31. Bh4 Qc6 32. c4 Rg8 33. Qd3 Rg4 34. Rh3 dxc4 35. Qf3 Rg6 36. Rxe4 c3 37. Re1 c2 38. Rc1 a5 39. Qxc6 Rxc6 40. d5 Rc4 41. Bf2 b5 42. d6 b4 43. d7 Rg8 44. Bb6 a4 45. Rg3 Rb8 46. d8=Q+ 1-0

[Event "Puchko mem"]
[Site "Alushta"]
[Date "2000.03.23"]
[Round "5"]
[White "Zajarnyi, Anatolyi"]
[Black "Salinnikov, Denis Y"]
[Result "1/2-1/2"]
[WhiteElo "2395"]
[BlackElo "2403"]
[PlyCount "61"]
[EventDate "2000.03.22"]
[Source "ChessBase"]
[SourceDate "2000.05.11"]

1. e4 c5 2. b4 cxb4 3. a3 d5 4. exd5 Qxd5 5. Bb2 e5 6. Nf3 Nc6 7. c4 Qe4+ 8. Be2 Nf6 9. O-O bxa3 10. Nxa3 Bc5 11. Nxe5 Nxe5 12. d4 Bxd4 13. Qxd4 Qxd4 14. Bxd4 Nc6 15. Be3 O-O 16. Nb5 Bg4 17. f3 Bd7 18. Kf2 b6 19. Ra3 Be6 20. Rfa1 Rac8 21. Rc1 Nd7 22. Nxa7 Nxa7 23. Rxa7 Rc6 24. Rb1 Ne5 25. Rxb6 Rxb6 26. Bxb6 Bxc4 27. Bxc4 Nxc4 28. Bc7 Re8 29. Ra1 f6 30. Rc1 Ne5 31. Bxe5 1/2-1/2